| 000 | 00745nam a2200193Ii 4500 | ||
|---|---|---|---|
| 003 | JO-AjNU | ||
| 008 | 230606s9999||||xx |||||||||||||| ||und|| | ||
| 040 |
_aJO-AjNU _beng _erda _cJO-AjNU |
||
| 041 | _aeng | ||
| 050 | 1 | 4 | _aPE1128 2018 |
| 100 | 3 |
_aPreparation AL-Momani, RanaŘ› Supervisor Mahmoud AL-Sobh, Co Supervisor Abeer AL-Ghazo, _eauthor _95822 |
|
| 245 | 0 | 0 | _aStrategies Used by University EFL Learners to Improve their English Pronunciation at ANU |
| 264 | 3 | 1 | _aAjIoun: AjIoun National University, 2018 |
| 300 |
_a26p _b Graduation project, AjIoun National University, 2018 |
||
| 336 |
_atext _btxt _2rdacontent |
||
| 337 |
_aunmediated _bn _2rdamedia |
||
| 338 |
_avolume _bnc _2rdacarrier |
||
| 650 | 4 |
_aLanguage - Literature _95823 |
|
| 999 |
_aE3020 _c3017 _d3017 |
||